Villarreal Current Squad - Statistics

General Stats
  • This quiz has been taken 23 times
    5 since last reset
  • The average score is 15 of 39
Answer Stats
# Position Nation Player Name % Correct
10 MF Spain Dani Parejo
100%
6 FW Israel Manor Solomon
100%
19 FW Ivory Coast Nicolas Pépé
100%
16 MF Ghana Thomas Partey
100%
9 FW Georgia Georges Mikautadze
80%
7 FW Spain Gerard Moreno
80%
- Coach Spain Marcelino García Toral
80%
17 FW Canada Tajon Buchanan
80%
13 GK Spain Diego Conde
60%
11 FW Morocco Ilias Akhomach
60%
8 DF Argentina Juan Foyth
60%
2 DF Cape Verde Logan Costa
60%
1 GK Brazil Luiz Reis Júnior
60%
18 MF Senegal Pape Gueye
60%
36 FW Spain Víctor Moreno
60%
24 DF Spain Alfonso Pedraza
40%
25 GK Spain Arnau Tenas
40%
22 FW Spain Ayoze Pérez
40%
4 DF Spain Rafa Marín
40%
15 DF Uruguay Santiago Mouriño
40%
23 DF Spain Sergi Cardona
40%
20 MF Spain Alberto Moleiro
20%
- DF Spain Carlos Romero
20%
26 DF Spain Pau Navarro
20%
- MF Spain Ramón Terrats
20%
12 DF Portugal Renato Veiga
20%
14 MF Spain Santi Comesaña
20%
21 FW Canada Tani Oluwaseyi
20%
5 DF France Willy Kambwala
20%
3 DF Spain Adrià Altimira
0%
- FW Spain Álex Forés
0%
30 DF Spain Daniel Budesca
0%
- MF Spain Dani Requena
0%
32 MF Spain Hugo López
0%
27 DF Ivory Coast Jean Ives Valou
0%
33 FW Spain Pau Cabanes
0%
31 GK Spain Rubén Gómez
0%
- MF Argentina Thiago Ojeda
0%
- FW Spain Toni Tamarit
0%
No matching quizzes found
Score Distribution
Percent of People with Each Score
Percentile by Number Answered
Your Score History
You have not taken this quiz since the last reset